Edward IV First Reign - Statistics

General Stats
  • This quiz has been taken 16 times
  • The average score is 7 of 13
Answer Stats
Hint Answer % Correct
Who was arranged to marry Charles of Burgundy in the Treaty? Elizabeth, Edward's Sister
100%
Where was Henry VI put when he was captured? Tower of London
92%
Who did Edward IV secretly marry? Elizabeth Woodville
85%
When was Edward IV crowned king? June 1461
85%
Who died at the Battle of Barnet? Warwick
85%
What Battle was on 29 March 1461? Battle of Towton
77%
When was the Battle of Hedgeley Moor? April 1464
62%
When was the Battle of Tewkesbury? May 1471
62%
What Battle was 24 July 1469? Battle of Edgecote
31%
Who did Edward sign a commercial treaty with? Burgundy
31%
Who died at the Battle of Tewkesbury? (not Henry VI) Prince of Wales
15%
What was the name of the man who rebelled in 1469? Robin of Redesdale
15%
How did Warwick cause the Battle of Losecoat Field? Stirred up trouble
8%
No matching quizzes found
Score Distribution
Percent of People with Each Score
Percentile by Number Answered
Your Score History
You have not taken this quiz